Statistics for NFL Most Passing Yards in a Game

Click here to take the quiz!

General Stats

  • This quiz has been taken 133 times
    (79 since last reset)
  • The average score is 8 of 16

Answer Stats

Yards (Year)Quarterback% Correct
517 (2011)Tom Brady, NE Patriots
90%
510 (2012)Eli Manning, NY Giants
84%
505 (2015) | 510 (2006)Drew Brees, NO Saints
82%
521 (1988)Dan Marino, MIA Dolphins
71%
508 (2017) | 522 (2014)Ben Roethlisberger, PIT Steelers
63%
520 (2012)Matthew Stafford, DET Lions
45%
527 (1990)Warren Moon, HOU Oilers
42%
554 (1951)Norm Van Brocklin, LA Rams
35%
527 (2012)Matt Schaub, HOU Texans
29%
506 (2013)Tony Romo, DAL Cowboys
27%
522 (1996)Boomer Esiason, ARI Cardinals
24%
513 (1985)Phil Simms, NY Giants
21%
505 (1962)YA Tittle, NY Giants
21%
509 (1982)Vince Ferragamo, LA Rams
5%

Score Distribution

Percentile by Number Answered

Percent of People with Each Score

Your Score History

You have not taken this quiz since the last reset